000 00792nam a2200265 a 4500
001 33373
003 Bd-RjUL
005 20211209052010.0
008 140507r19651957enka 001 0 eng d
020 _a0710018819
035 _a(BD-RjUL)33464
040 _aDLC
_cKHN
_beng
_dBD-RjUL
041 _aeng
082 _a301
_bNAT 1956
100 1 _aNadel, S. F.
_q(Siegfried Frederick),
_d1903-1956.
_935175
245 1 4 _aThe theory of social structure /
_cby S. F. Nadel ; with a memoir by Meyer Fortes.
260 _aLondon :
_bCohen & West,
_c1957 [impression 1965]
300 _axvi, 159 p. ;
_c22 cm.
504 _aIncludes index.
650 0 _aSociology.
_9101300
650 0 _aSocial structure.
_9101301
700 1 _aFortes, Meyer.
_935267
942 _2ddc
_cBK
999 _c33373
_d33373